Ham Kaise Rahen (Record no. 1982)

MARC details
000 -LEADER
fixed length control field 00550nam a2200241 a 4500
020 ## - INTERNATIONAL STANDARD BOOK NUMBER
ISBN
082 00 - DEWEY DECIMAL CLASSIFICATION NUMBER
Classification number 297.5
Author Cutter FAR
100 ## - MAIN ENTRY--AUTHOR NAME
Author name Farid,
245 ## - TITLE STATEMENT
Title Ham Kaise Rahen
260 ## - PUBLICATION, DISTRIBUTION, ETC. (IMPRINT)
Place of publication Rampur
Name of publisher Maktaba Al-Hasnaat
Year of publication 1958
300 ## - PHYSICAL DESCRIPTION
Number of Pages 127p
500 ## - GENERAL NOTE
General note includes index and biblioraphy
505 2# - FORMATTED CONTENTS NOTE
Formatted contents note Table
650 ## - SUBJECT ADDED ENTRY--TOPICAL TERM
Topical Term Islam-Moral Theology
942 ## - ADDED ENTRY ELEMENTS (KOHA)
Koha item type Books
700 1# -
-- Farid,
Holdings
Collection code Home library Current library Date acquired Cost, normal purchase price Full call number Accession Number Koha item type
  Henry Martyn Institute Library Henry Martyn Institute Library 07/03/2007 1.30 297.5 FAR 02482 Books
                   Copyright © 2026 | Henry Martyn Institute | Hyderabad | TS-500052 | INDIA | Implemented by hmi.edu.in
Hit-Count:

Powered by Koha